| 000 | 01425nab a2200241 i 4500 | ||
|---|---|---|---|
| 001 | 768714001 | ||
| 003 | CO-MdFUSB | ||
| 005 | 20240523090952.0 | ||
| 008 | 240523t1974 sp ||||| |||| 00| 0 spa d | ||
| 040 |
_bspa _cCO-MdFUSB _dCO-MdFUSB |
||
| 041 | _aspa | ||
| 100 |
_aChenu, Marie-Dominique, _eautor |
||
| 245 |
_aDespertar evangélico y presencia del Espíritu en los siglos XII y XIII _c/ Marie Dominique Chenu ; traducido por T. Muñoz Schiaffino |
||
| 520 | _aReflexión metodológica acerca de las fuentes vivas que una praxis cristiana proporciona a la teología. En esta perspectiva, la fe concreta en el Espíritu Santo presenta un caso sobresaliente. La teología nocional, especulativa, del Espíritu es débil, según santo Tomás, por carecer de un vocabulario técnico capaz de enunciar las operaciones no reductibles a conceptos del amor tanto en Dios como en los hombres. En este caso, la experiencia es un precioso recurso para la inteligencia y la expresión. | ||
| 650 | 0 |
_aEspíritu Santo _950 |
|
| 650 | 7 |
_aTeología dogmática _96937 |
|
| 650 | 7 |
_aGracia (Teología) _9364 |
|
| 650 | 7 |
_aFe _9531 |
|
| 700 |
_aMuñoz Schiaffino, T., _etraductor |
||
| 773 | 0 |
_049450 _982680 _oR2606 _tRevista internacional de teología Concilium _w(CO-MdFUSB)8 _x0210-1041 _gNúmero Extra, (noviembre, 1974), páginas: 181 - 184 _qpágina: 181 |
|
| 942 | _cANA | ||
| 945 | _aCatherine Arias Alvarez - Practicante SENA | ||
| 999 |
_c69858 _d69858 |
||